Is it in Texas? Sudden Death & Whammies - Statistics

General Stats
  • This quiz has been taken 20 times
  • The average score is 15 of 17
Answers on the Grid
Answers color-coded by a green-red scale on the quiz's grid according to % correct below.
Hoover Dam
the Alamo
the Liberty Bell
Rice University
Waco
Lubbock
Victoria Falls
three tribes of Native Americans
more than 554,596 oil wells
San Diego
San Antonio
Galveston
Shreveport
Emory University
Mississippi River
Chihuahuan Desert
Grand Canyon
Big Bend National Park
the somewhat mysterious Marfa lights
Taos art colony
packs of wild wolves
Brazos River
Abilene
12.6 million Hispanic and Latino residents
Rio Grande
swamp wallaby
roadrunner birds
kangaroo rats
 
Answer Stats
Answer % Correct
12.6 million Hispanic and Latino residents
100%
Rio Grande
100%
more than 554,596 oil wells
95%
San Antonio
95%
the Alamo
95%
three tribes of Native Americans
95%
Waco
90%
Big Bend National Park
85%
Brazos River
85%
Galveston
85%
Lubbock
85%
Abilene
80%
roadrunner birds
80%
the somewhat mysterious Marfa lights
80%
Rice University
75%
Chihuahuan Desert
70%
kangaroo rats
60%
No matching quizzes found
Score Distribution
Percent of People with Each Score
Percentile by Number Answered
Your Score History
You have not taken this quiz